Stratégia vstupu Slovenska na medzinárodné kapitálové trhy

Možnosti získavania devízových zdrojov. Stratégia vstupu Slovenska na medzinárodné kapitálové trhy. Úspešnosť verejných emisií NBS na medzinárodných kapitálových trhoch.

Enregistré dans:
Détails bibliographiques
Auteur principal: Kováč, M.
Format: Chapitre de livre
Langue:slovaque
Sujets:
Tags: Ajouter un tag
Pas de tags, Soyez le premier à ajouter un tag!

MARC

LEADER 00000naa a2200000 4500
001 r015210
005 20221213113619.7
041 0 |a slo 
044 |a SK 
245 1 0 |a Stratégia vstupu Slovenska na medzinárodné kapitálové trhy  |c M. Kováč 
520 |a Možnosti získavania devízových zdrojov. Stratégia vstupu Slovenska na medzinárodné kapitálové trhy. Úspešnosť verejných emisií NBS na medzinárodných kapitálových trhoch. 
610 2 0 |a trh kapitálový medzinárodný 
610 2 0 |a styk platobný medzinárodný 
610 2 0 |a zdroje finančné 
610 2 0 |a devízy 
610 2 0 |a NBS Bratislava 
100 1 |a Kováč, M.